| 000 | 00799cab a2200289 4500 | ||
|---|---|---|---|
| 001 | ABS49271 | ||
| 008 | 090401t1993 xxu||||| |||| 00| 0 eng d | ||
| 035 | _a(Sirsi) u70645 | ||
| 041 | _aeng | ||
| 100 | _h | ||
| 245 | _aDisruption tactics | ||
| 260 | _c1993 | ||
| 350 | _a0 | ||
| 490 |
_aChartered Quantity Surveyor _v16(1) September 1993, 22-23(2) |
||
| 520 | _aConsiders how to avoid expensive disruption claims. | ||
| 650 | _aAVOIDANCE | ||
| 650 | _aBUILT ENVIRONMENT-BUILDING CONTRACT FORMS | ||
| 650 | _aCLAIMS | ||
| 650 | _aCONTRACT CLAIMS | ||
| 650 | _aDISRUPTION | ||
| 650 | _aFIDIC | ||
| 650 | _aICE CONDITIONS OF CONTRACT (FIFTH EDITION) | ||
| 690 | _aBUILT ENVIRONMENT-BUILDING CONTRACT FORMS | ||
| 710 |
_aMarshall J. _91276 |
||
| 942 | _n0 | ||
| 948 | _c04/03/1997 | ||
| 999 |
_c44453 _d44453 |
||